[Event "ATO - 2022"]
[Site ""]
[Date "2022-07-18"]
[Round "5.1"]
[White "Manmay Chopra"]
[Black "Hari Charan Sai Kalluri"]
[Result "0-1"]
[WhiteTitle ""]
[WhiteElo "1934"]
[WhiteCountry "IND"]
[WhiteFideId "25649191"]
[BlackTitle ""]
[BlackElo "2041"]
[BlackCountry "IND"]
[BlackFideId "46647759"]

1. e4 c5 2. Nf3 d6 3. d4 cxd4 4. Qxd4 Nc6 5. Bb5 Bd7 6. Bxc6 Bxc6 7. Nc3 Nf6 8. Bg5 e5 9. Qd3 Be7 10. O-O-O Qb6 11. Rhf1 O-O-O 12. Bxf6 Bxf6 13. Kb1 Rhe8 14. Nd2 Re6 15. Nc4 Qc5 16. Ne3 a5 17. a4 g6 18. Ned5 Bg7 19. g4 Kb8 20. h4 h6 21. Qf3 Be8 22. Qe3 Rc8 23. Nb6 Rc6 24. Qxc5 Rxc5 25. Ncd5 Bf6 26. Rh1 Bd8 27. g5 hxg5 28. hxg5 Ka7 29. b4 axb4 30. a5 Rxa5 31. Nc4 Rc5 32. Nb2 Bxg5 33. Nxb4 Bb5 34. Rh3 Kb8 35. Rh8+ Ka7 36. Rh3 Rf6 37. Ra3+ Kb8 38. Rg1 Bd2 39. N4d3 Bxd3 40. Nxd3 Rc4 41. Rg4 Re6 42. Rb3 Re8 43. Rh4 Rec8 44. Rh7 R8c7 45. Rh8+ Ka7 46. f3 Rc3 47. Rb2 Rc8 48. Rh7 R3c7 49. Rh2 Bc3 50. Rb5 Rc6 51. Kc1 Ra6 52. Kd1 Ra1+ 53. Ke2 Bd4 54. Nb4 Rc3 55. Rh7 Re3+ 56. Kd2 Rxf3 57. Nd3 Rg1 58. Rh2 Rfg3 59. Rd5 R1g2+ 60. Rxg2 Rxg2+ 61. Kd1 Bc5 62. Nxc5 dxc5 63. Rxe5 Kb6 64. Re7 Rf2 65. e5 g5 66. e6 fxe6 67. Rxe6+ Kb5 68. Rg6 Rf5 69. Kc1 Ka5 70. Kb2 b5 71. Kb3 Rf3+ 72. Kb2 Rg3 73. c3 Rg2+ 74. Ka3 Rg3 75. Kb2 c4 76. Rg8 Rg2+ 77. Ka3 Rc2 78. Ra8+ Kb6 79. Rb8+ Kc6 80. Rc8+ Kb7 81. Rg8 Rxc3+ 82. Kb4 Rb3+ 83. Kc5 c3 84. Rg7+ Kb8 85. Kb6 Kc8 86. Rxg5 Kd7 87. Rd5+ Ke6 88. Rc5 Kd6 89. Rh5 b4 90. Kb5 0-1

[Event "ATO - 2022"]
[Site ""]
[Date "2022-07-18"]
[Round "5.2"]
[White "Sala Matteo"]
[Black "Arndt Uwe"]
[Result "1-0"]
[WhiteTitle ""]
[WhiteElo "1708"]
[WhiteCountry "FRA"]
[WhiteFideId "45142947"]
[BlackTitle ""]
[BlackElo "1964"]
[BlackCountry "GER"]
[BlackFideId "24647713"]

1. e4 e6 2. d4 d5 3. Nd2 Nf6 4. e5 Nfd7 5. Bd3 c5 6. c3 Nc6 7. Ne2 cxd4 8. cxd4 a5 9. O-O Qb6 10. Nf3 Be7 11. a3 f6 12. Nf4 Nf8 13. exf6 Bxf6 14. Re1 Ne7 15. Bd2 Bd7 16. b4 a4 17. Rc1 g5 18. Nxg5 h5 19. Nxh5 Bxd4 20. Qf3 Bc8 21. Qf7+ Kd7 22. Nf6+ Bxf6 23. Qxf6 Rg8 24. Bf4 Rxg5 25. Bb5+ Nc6 26. Qf7+ 1-0

[Event "ATO - 2022"]
[Site ""]
[Date "2022-07-18"]
[Round "5.3"]
[White "Stijve Niels"]
[Black "Altok Mesut"]
[Result "1-0"]
[WhiteTitle ""]
[WhiteElo "1958"]
[WhiteCountry "SUI"]
[WhiteFideId "1331124"]
[BlackTitle ""]
[BlackElo "1890"]
[BlackCountry "GER"]
[BlackFideId "16215494"]

1. e4 c5 2. Nf3 d6 3. d4 cxd4 4. Nxd4 Nf6 5. Nc3 a6 6. Bg5 e6 7. f4 Nbd7 8. Qe2 Qc7 9. O-O-O b5 10. g3 Bb7 11. Bg2 Rc8 12. e5 Bxg2 13. exf6 Qc4 14. Qxg2 gxf6 15. Bh4 b4 16. Nb1 Qxa2 17. Qb7 Qc4 18. Nd2 Rc7 19. Qa8+ Rc8 20. Nxc4 Rxa8 21. Rhe1 d5 22. Ne3 Kd8 23. Ng4 Bg7 24. f5 e5 25. Nxe5 Rf8 26. Nec6+ Kc7 27. Nxb4 Nb6 28. g4 Bh6+ 29. Kb1 Bf4 30. Re7+ Kd6 31. Bxf6 Bxh2 32. Rb7 Nc8 33. Nb5+ 1-0

[Event "ATO - 2022"]
[Site ""]
[Date "2022-07-18"]
[Round "5.4"]
[White "Harisurya Bharadwaj Gundepudi"]
[Black "Marcos Herrero Francisco"]
[Result "1-0"]
[WhiteTitle ""]
[WhiteElo "1924"]
[WhiteCountry "IND"]
[WhiteFideId "35040243"]
[BlackTitle ""]
[BlackElo "1877"]
[BlackCountry "ESP"]
[BlackFideId "2279045"]

1. d4 Nf6 2. Bf4 c5 3. d5 d6 4. Nc3 g6 5. e4 Bg7 6. Nf3 Nbd7 7. Qd2 O-O 8. Be2 Qa5 9. O-O b5 10. Nxb5 Qxd2 11. Nxd2 a6 12. Nc3 Nb6 13. h3 Nfd7 14. Nc4 Rb8 15. Na5 Ra8 16. a4 Ne5 17. Be3 Ned7 18. Nc6 Bb7 19. Nxe7+ Kh8 20. a5 Rfe8 21. Nxg6+ hxg6 22. axb6 Nxb6 23. Bd3 Nd7 24. Bd2 Reb8 25. Ra2 Bd4 26. Ne2 Ne5 27. Nxd4 Nxd3 28. cxd3 cxd4 29. Bf4 Rd8 30. Bg5 Rd7 31. Bf6+ Kg8 32. Bxd4 Rc8 33. b4 f5 34. f3 Kf7 35. b5 axb5 36. Rb1 f4 37. g3 g5 38. h4 Kg6 39. hxg5 fxg3 40. Kg2 Kxg5 41. Kxg3 Rh7 42. Rxb5 Rg8 43. Rb6 Rg6 44. f4+ Kh5+ 45. Kf3 1-0

[Event "ATO - 2022"]
[Site ""]
[Date "2022-07-18"]
[Round "5.6"]
[White "Marty Fridolin"]
[Black "Schneuwly Achim"]
[Result "1/2-1/2"]
[WhiteTitle ""]
[WhiteElo "1867"]
[WhiteCountry "SUI"]
[WhiteFideId "1315498"]
[BlackTitle ""]
[BlackElo "2002"]
[BlackCountry "SUI"]
[BlackFideId "1303252"]

1. e4 c5 2. Nf3 e6 3. g3 Nc6 4. Bg2 Nf6 5. Nc3 Be7 6. O-O O-O 7. Re1 d6 8. h3 Bd7 9. d3 Nd4 10. Nxd4 cxd4 11. Ne2 Qb6 12. c4 dxc3 13. bxc3 Rac8 14. Be3 Qa6 15. a4 d5 16. e5 Ne8 17. d4 Rc4 18. a5 Nc7 19. Bf1 Bb5 20. Bd2 Rc6 21. Bg2 Bxe2 22. Rxe2 Nb5 23. Re3 Na3 24. Rxa3 Bxa3 25. Bf1 Rc4 26. Bd3 Qxa5 27. Qh5 g6 28. Qh4 Qd8 29. Qh6 Re8 30. h4 Bf8 31. Qf4 h5 32. Rf3 Qe7 33. g4 hxg4 34. Qxg4 Bg7 35. h5 Rec8 36. hxg6 f5 37. exf6 Bxf6 38. Qh5 Rxc3 39. g7 Qxg7+ 40. Rg3 Rxd3 41. Rxg7+ Bxg7 42. Qg6 Rxd2 43. Qxe6+ Kh7 44. Qxc8 Rxd4 45. Qxb7 a5 46. Qb1+ Kg8 47. Qb8+ Kh7 48. Qb1+ Kg8 49. Qb8+ Kf7 50. Qc7+ Kg6 51. Qxa5 Rg4+ 52. Kf1 d4 53. Qd5 Rg5 54. Qe4+ Rf5 55. Qg4+ Rg5 56. Qe4+ Rf5 1/2-1/2

[Event "ATO - 2022"]
[Site ""]
[Date "2022-07-18"]
[Round "5.7"]
[White "Wanner Stefan"]
[Black "Herold Hansjoerg"]
[Result "1-0"]
[WhiteTitle ""]
[WhiteElo "1975"]
[WhiteCountry "SUI"]
[WhiteFideId "1314130"]
[BlackTitle ""]
[BlackElo "1843"]
[BlackCountry "GER"]
[BlackFideId "4674197"]

1. e4 e5 2. d4 exd4 3. Nf3 Nc6 4. Bc4 d6 5. Nxd4 Nf6 6. Nxc6 bxc6 7. Nc3 Be7 8. O-O O-O 9. h3 Bb7 10. Bf4 d5 11. Bd3 d4 12. e5 Nd5 13. Nxd5 Qxd5 14. Qg4 Bc8 15. Qg3 Qe6 16. Qf3 Bd7 17. b3 c5 18. Be4 Rab8 19. Rfd1 Rb6 20. c3 dxc3 21. Qd3 Bb5 22. Qxc3 Bc6 23. Bc2 Rb4 24. Be3 c4 25. Bxa7 Ra8 26. Be3 cxb3 27. axb3 Rxa1 28. Qxa1 Bd5 29. Qc3 Rb7 30. Qd3 Qg6 31. Qxg6 1-0

[Event "ATO - 2022"]
[Site ""]
[Date "2022-07-18"]
[Round "5.8"]
[White "Smeets Kobe"]
[Black "Maitre Fabien"]
[Result "1-0"]
[WhiteTitle ""]
[WhiteElo "1963"]
[WhiteCountry "NED"]
[WhiteFideId "1063910"]
[BlackTitle ""]
[BlackElo "1837"]
[BlackCountry "SUI"]
[BlackFideId "1315471"]

1. e4 c5 2. Nf3 Nc6 3. d4 cxd4 4. Nxd4 g6 5. c4 Nf6 6. Nc3 Bg7 7. Be3 O-O 8. Be2 d6 9. O-O Ng4 10. Bxg4 Bxg4 11. Nxc6 Bxd1 12. Nxd8 Bxc3 13. bxc3 Be2 14. Rfe1 Bxc4 15. Nxb7 a5 16. Bd4 Rfb8 17. Rab1 Bxa2 18. Ra1 Rxb7 19. Rxa2 a4 20. Ra3 Rb3 21. Rea1 Rab8 22. Kf1 1-0

[Event "ATO - 2022"]
[Site ""]
[Date "2022-07-18"]
[Round "5.9"]
[White "Eschmann Pascal"]
[Black "Carey Michael"]
[Result "0-1"]
[WhiteTitle ""]
[WhiteElo "1944"]
[WhiteCountry "SUI"]
[WhiteFideId "1307142"]
[BlackTitle ""]
[BlackElo "1816"]
[BlackCountry "USA"]
[BlackFideId "30923760"]

1. d4 c5 2. d5 Nf6 3. c4 b5 4. cxb5 a6 5. Nc3 axb5 6. Nxb5 Qa5+ 7. Nc3 g6 8. Bd2 Qb6 9. e4 d6 10. Bc4 Bg7 11. Nge2 Ba6 12. Bxa6 Nxa6 13. Qa4+ Nd7 14. O-O Nc7 15. Qc2 O-O 16. Rab1 Na6 17. a3 Rfb8 18. Na4 Qb3 19. Qxb3 Rxb3 20. Nc1 Rb7 21. Bc3 Nc7 22. Bxg7 Rxa4 23. Bc3 Rxe4 24. Rd1 Nb6 25. Re1 Rxe1+ 26. Bxe1 Ncxd5 27. Nd3 c4 28. Nb4 Nxb4 29. Bxb4 Nd5 30. Be1 Rb3 31. Rc1 Nb6 32. Rc2 d5 33. Kf1 Na4 34. Bb4 e6 35. Ke2 Nxb2 36. Rc3 Na4 37. Rc2 f6 38. Kd2 Kf7 39. Ke2 Ke8 40. Rd2 Kd7 41. f4 Nc3+ 42. Bxc3 Rxc3 43. Ra2 Kc6 44. a4 Kb6 45. Kd2 Rb3 46. a5+ Ka6 47. Ra4 e5 48. fxe5 fxe5 49. Ra2 Rb5 50. Kc3 Rxa5 51. Re2 Ra3+ 52. Kb4 Rb3+ 53. Kc5 Rb5+ 54. Kc6 d4 55. Ra2+ Ra5 56. Rb2 c3 57. Rb6+ Ka7 58. Rb7+ Ka8 59. Rxh7 Ra6+ 60. Kb5 Rf6 61. Rc7 Kb8 62. Rc5 Kb7 63. Rxe5 Rf5 0-1

[Event "ATO - 2022"]
[Site ""]
[Date "2022-07-18"]
[Round "5.10"]
[White "Ciarletta Ulysse"]
[Black "Hamad Bader"]
[Result "0-1"]
[WhiteTitle ""]
[WhiteElo "1814"]
[WhiteCountry "FRA"]
[WhiteFideId "45133000"]
[BlackTitle ""]
[BlackElo "1918"]
[BlackCountry "UAE"]
[BlackFideId "9313095"]

1. d4 Nf6 2. c4 e6 3. g3 d5 4. Bg2 Bb4+ 5. Bd2 Bd6 6. Nf3 c6 7. b3 Ne4 8. O-O f5 9. Bf4 Bxf4 10. gxf4 h6 11. Ne5 Rg8 12. e3 Qh4 13. Ng6 Qf6 14. Qh5 Qf7 15. Bxe4 dxe4 16. Kh1 Nd7 17. Rg1 Nf6 18. Qe2 Ng4 19. Ne5 Nxe5 20. dxe5 Bd7 21. c5 O-O-O 22. Nd2 g5 23. Nc4 Qe7 24. Nd6+ Kb8 25. a4 Rg7 26. Qh5 Rdg8 27. Rg3 g4 28. Rgg1 Qd8 29. b4 Be8 30. Nxe8 Rxe8 31. Rgd1 Qe7 32. Rd6 a6 33. Rad1 Rh8 34. Rd7 Qxd7 35. Rxd7 Rxd7 36. Qg6 Re7 37. Qf6 Rhh7 38. Kg2 h5 39. Kf1 h4 40. Kg2 Ka7 41. a5 Rd7 42. Qg6 g3 43. Qxe6 h3+ 44. Kxg3 Rdg7+ 0-1

[Event "ATO - 2022"]
[Site ""]
[Date "2022-07-21"]
[Round "8.1"]
[White "Hari Charan Sai Kalluri"]
[Black "Harisurya Bharadwaj Gundepudi"]
[Result "1/2-1/2"]
[WhiteTitle ""]
[WhiteElo "2041"]
[WhiteCountry "IND"]
[WhiteFideId "46647759"]
[BlackTitle ""]
[BlackElo "1924"]
[BlackCountry "IND"]
[BlackFideId "35040243"]

1. e4 e5 2. Nf3 Nc6 3. Bc4 Bc5 4. c3 Nf6 5. d4 exd4 6. cxd4 Bb4+ 7. Nbd2 Nxe4 8. d5 Nxd2 9. Bxd2 Bxd2+ 10. Qxd2 Ne7 11. d6 cxd6 12. O-O d5 13. Bxd5 Nxd5 14. Qxd5 O-O 15. Rad1 d6 16. Qxd6 Qxd6 17. Rxd6 Be6 18. b3 Rfd8 19. Rfd1 Rxd6 20. Rxd6 Rc8 21. h3 h6 22. Nd4 Re8 23. Nxe6 Rxe6 24. Rd7 Rb6 1/2-1/2

[Event "ATO - 2022"]
[Site ""]
[Date "2022-07-21"]
[Round "8.2"]
[White "Mirski Michal"]
[Black "Al Helaoy Majed"]
[Result "0-1"]
[WhiteTitle ""]
[WhiteElo "1868"]
[WhiteCountry "POL"]
[WhiteFideId "1157159"]
[BlackTitle ""]
[BlackElo "2015"]
[BlackCountry "SYR"]
[BlackFideId "7603096"]

1. e4 g6 2. Nc3 Bg7 3. d4 c6 4. Nf3 d5 5. exd5 cxd5 6. Bb5+ Bd7 7. Bxd7+ Qxd7 8. O-O Nc6 9. Bf4 Nf6 10. Ne5 Qd8 11. Nxc6 bxc6 12. Be5 O-O 13. Re1 Re8 14. Qe2 a5 15. Na4 Ra7 16. Rad1 e6 17. Rd3 Bf8 18. Rh3 Nd7 19. Bf4 Qf6 20. Qd2 e5 21. dxe5 Nxe5 22. Bxe5 Rxe5 23. Rxe5 Qxe5 24. Qe3 Qb8 25. Qb3 Rb7 26. Qg3 Re7 27. Qc3 Qf4 0-1

[Event "ATO - 2022"]
[Site ""]
[Date "2022-07-21"]
[Round "8.3"]
[White "Sala Matteo"]
[Black "Manmay Chopra"]
[Result "0-1"]
[WhiteTitle ""]
[WhiteElo "1708"]
[WhiteCountry "FRA"]
[WhiteFideId "45142947"]
[BlackTitle ""]
[BlackElo "1934"]
[BlackCountry "IND"]
[BlackFideId "25649191"]

1. e4 e6 2. d4 d5 3. Nd2 Be7 4. Bd3 dxe4 5. Nxe4 Nd7 6. Nf3 Ngf6 7. Nxf6+ Nxf6 8. Be3 Nd5 9. c3 c5 10. Qc2 Nxe3 11. fxe3 cxd4 12. exd4 h6 13. O-O-O Bf6 14. g4 Qc7 15. Kb1 Bd7 16. h4 Bc6 17. Be4 O-O-O 18. g5 hxg5 19. hxg5 Rxh1 20. Rxh1 Be7 21. Rh7 Qf4 22. Rh4 Qd6 23. Bxc6 Qxc6 24. Ne5 Qb5 25. c4 Qa5 26. Qc3 Bb4 27. Qf3 Be1 28. Re4 Qd2 29. Nd3 Qxg5 30. Nxe1 Qg6 31. Qg4 Qh7 32. Qh4 Qg6 33. Qf4 Rxd4 34. Ka1 Rd1+ 0-1

[Event "ATO - 2022"]
[Site ""]
[Date "2022-07-21"]
[Round "8.4"]
[White "Dhruv Rattan"]
[Black "Stijve Niels"]
[Result "0-1"]
[WhiteTitle ""]
[WhiteElo "1316"]
[WhiteCountry "IND"]
[WhiteFideId "45007993"]
[BlackTitle ""]
[BlackElo "1958"]
[BlackCountry "SUI"]
[BlackFideId "1331124"]

1. e4 c5 2. Nf3 e6 3. d4 cxd4 4. Nxd4 a6 5. Bd3 Nf6 6. O-O Qc7 7. c4 Nc6 8. Nxc6 bxc6 9. Nc3 Bc5 10. Qe2 e5 11. Bg5 d6 12. Bxf6 gxf6 13. Qf3 Ke7 14. Na4 Bd4 15. c5 dxc5 16. Rab1 Rg8 17. b3 Bg4 18. Qg3 Bh5 19. Qh4 Bf3 20. g3 Rg5 21. Qxh7 Rh5 22. Qg7 Rah8 23. Bc4 R8h7 0-1

[Event "ATO - 2022"]
[Site ""]
[Date "2022-07-21"]
[Round "8.5"]
[White "Arndt Uwe"]
[Black "Kaser Nicolas"]
[Result "1-0"]
[WhiteTitle ""]
[WhiteElo "1964"]
[WhiteCountry "GER"]
[WhiteFideId "24647713"]
[BlackTitle ""]
[BlackElo "1866"]
[BlackCountry "SUI"]
[BlackFideId "1327739"]

1. d4 Nf6 2. c4 g6 3. Nc3 d5 4. cxd5 Nxd5 5. e4 Nxc3 6. bxc3 Bg7 7. Nf3 c5 8. h3 O-O 9. Be2 Nc6 10. Be3 cxd4 11. cxd4 b6 12. Rc1 Bd7 13. d5 Na5 14. O-O Qb8 15. Qd2 Rc8 16. Ba6 Rxc1 17. Rxc1 Qd8 18. Bf4 Bc8 19. Be2 Nb7 20. Nd4 Bd7 21. Bc7 Qe8 22. Nb3 Nd6 23. Qf4 Nb5 24. e5 Rc8 25. Bxb5 Bxb5 26. Nd4 Bd7 27. Qe3 Qf8 28. f4 f5 29. Qa3 Qf7 30. Qb3 Qe8 31. Kh2 Ba4 32. Qc4 b5 33. Qc5 a5 34. Ne6 Bh8 35. g4 fxg4 36. hxg4 g5 37. Nxg5 h5 38. Qg1 h4 39. Qe3 Qd7 40. Qe4 Bg7 41. Qh7+ Kf8 42. Ne6+ 1-0

[Event "ATO - 2022"]
[Site ""]
[Date "2022-07-21"]
[Round "8.6"]
[White "Smeets Kobe"]
[Black "Altok Mesut"]
[Result "1-0"]
[WhiteTitle ""]
[WhiteElo "1963"]
[WhiteCountry "NED"]
[WhiteFideId "1063910"]
[BlackTitle ""]
[BlackElo "1890"]
[BlackCountry "GER"]
[BlackFideId "16215494"]

1. e4 d6 2. d4 Nd7 3. Nc3 e5 4. Nf3 Ngf6 5. Be2 Be7 6. O-O c6 7. a4 O-O 8. h3 Qa5 9. Bd2 Qc7 10. a5 Re8 11. Be3 Nf8 12. Qd2 Ng6 13. Rfb1 Bd7 14. b4 Qc8 15. Kh2 Qc7 16. Kg1 Qc8 17. Bf1 Nh5 18. Ne2 f5 19. exf5 Bxf5 20. g4 exd4 21. Nexd4 Bxg4 22. hxg4 Qxg4+ 23. Kh1 Rf8 24. Nh2 Qh4 25. Bd3 Ne5 26. Rg1 c5 27. Nf5 1-0

[Event "ATO - 2022"]
[Site ""]
[Date "2022-07-21"]
[Round "8.7"]
[White "Marcos Herrero Francisco"]
[Black "Klein Ethan"]
[Result "0-1"]
[WhiteTitle ""]
[WhiteElo "1877"]
[WhiteCountry "ESP"]
[WhiteFideId "2279045"]
[BlackTitle ""]
[BlackElo "1952"]
[BlackCountry "USA"]
[BlackFideId "2083981"]

1. c4 g6 2. g3 Bg7 3. Bg2 e6 4. Nc3 Ne7 5. e4 c5 6. Nge2 Nbc6 7. d3 O-O 8. Be3 Nd4 9. Qd2 d6 10. Rc1 Re8 11. Bg5 a6 12. b3 Rb8 13. Bh6 Bh8 14. h4 b5 15. Nxd4 cxd4 16. Ne2 Bb7 17. h5 bxc4 18. dxc4 d5 19. hxg6 hxg6 20. exd5 exd5 21. O-O dxc4 22. Rxc4 Bxg2 23. Kxg2 Qd5+ 24. Kg1 Nf5 25. Rfc1 Qf3 26. Bf4 Rxe2 27. Qxe2 Qxe2 28. Bxb8 d3 29. Kg2 Ne3+ 0-1

[Event "ATO - 2022"]
[Site ""]
[Date "2022-07-21"]
[Round "8.9"]
[White "Stalhandske Julien"]
[Black "Wiesmann Dominique"]
[Result "0-1"]
[WhiteTitle ""]
[WhiteElo "1644"]
[WhiteCountry "SUI"]
[WhiteFideId "1348922"]
[BlackTitle ""]
[BlackElo "1914"]
[BlackCountry "SUI"]
[BlackFideId "1308262"]

1. d4 Nf6 2. c4 e6 3. g3 Bb4+ 4. Bd2 Qe7 5. Bg2 Bxd2+ 6. Nxd2 d6 7. Ngf3 O-O 8. Qc2 e5 9. O-O Nc6 10. dxe5 dxe5 11. Rfd1 h6 12. Ne4 Nxe4 13. Qxe4 f5 14. Qc2 Qf6 15. Qc3 Be6 16. Rd2 g5 17. b4 g4 18. Nh4 Rae8 19. Rad1 Bc8 20. Bd5+ Kh7 21. c5 Nd4 22. e3 Ne6 23. f4 Ng7 24. Bb3 Qe7 25. Bc2 exf4 26. exf4 Rd8 27. Rxd8 Rxd8 28. Rxd8 Qxd8 29. Qd3 Qf6 30. Kf2 Qb2 31. a3 Be6 32. Ng2 Bd5 33. Ne3 Be4 34. Qb3 Qd4 35. a4 Qd2+ 36. Kg1 Qe1+ 37. Nf1 Bxc2 38. Qxc2 Qxb4 39. Ne3 Qe1+ 40. Nf1 Kg6 41. Qb3 Qe4 42. Ne3 Ne6 43. Kf2 h5 44. Nf1 Kf6 45. Qa3 c6 46. a5 Qd4+ 47. Kg2 h4 48. Ne3 h3+ 49. Kf2 Nxc5 0-1

[Event "ATO - 2022"]
[Site ""]
[Date "2022-07-21"]
[Round "8.10"]
[White "Corbat Philippe"]
[Black "Abdulrahim Salem"]
[Result "0-1"]
[WhiteTitle ""]
[WhiteElo "1902"]
[WhiteCountry "SUI"]
[WhiteFideId "1304496"]
[BlackTitle ""]
[BlackElo "1662"]
[BlackCountry "UAE"]
[BlackFideId "9308946"]

1. e4 c5 2. a3 g6 3. h4 h5 4. Nc3 Bg7 5. Bc4 Nc6 6. d3 Nf6 7. Bf4 d6 8. Qd2 a6 9. Nf3 O-O 10. Bh6 Ng4 11. Bxg7 Kxg7 12. Ng5 Nge5 13. Ba2 f6 14. Ne6+ Bxe6 15. Bxe6 Nd4 16. O-O-O Nxe6 17. f4 Ng4 18. f5 gxf5 19. exf5 Nd4 20. Nd5 Rh8 21. Rhf1 b5 22. Rde1 Nc6 23. Nf4 Qd7 24. Qd1 Nce5 25. c3 c4 26. dxc4 bxc4 27. Nxh5+ Rxh5 28. Rxe5 Nxe5 29. Qxh5 Qe8 30. Qe2 Rb8 0-1

[Event "ATO - 2022"]
[Site ""]
[Date "2022-07-22"]
[Round "9.1"]
[White "Harisurya Bharadwaj Gundepudi"]
[Black "Al Helaoy Majed"]
[Result "1-0"]
[WhiteTitle ""]
[WhiteElo "1924"]
[WhiteCountry "IND"]
[WhiteFideId "35040243"]
[BlackTitle ""]
[BlackElo "2015"]
[BlackCountry "SYR"]
[BlackFideId "7603096"]

1. d4 g6 2. Bf4 Nf6 3. Nc3 d6 4. e4 a6 5. Be2 Bg7 6. Qd2 b5 7. a3 Bb7 8. Bf3 Nfd7 9. Bh6 Kf8 10. h4 c5 11. h5 Nc6 12. dxc5 Nxc5 13. Nge2 Ne5 14. Ng3 Rc8 15. Be2 Ne6 16. Bxg7+ Nxg7 17. hxg6 fxg6 18. O-O-O Qa5 19. f4 Nc6 20. f5 b4 21. fxg6 Qe5 22. Qd5 Qxd5 23. Nxd5 bxa3 24. bxa3 Ne5 25. Rxh7 Nxg6 26. Rf1+ Kg8 27. Rxh8+ Kxh8 28. Bg4 Rc4 29. Be2 Bxd5 30. exd5 Rd4 31. Bxa6 Kg8 32. Be2 Ne5 33. Rd1 Ra4 34. Kb2 Kf8 35. Kb3 Ra5 36. a4 Ne8 37. Rf1+ Nf6 38. Bb5 Ng4 39. Nf5 Ne5 40. Nxd6 Kg8 41. Nc4 Nxc4 42. Kxc4 Ra7 43. Kd4 Nd7 44. Bxd7 Rxd7 45. a5 e6 46. c4 exd5 47. cxd5 Rg7 48. Rf2 Rg4+ 49. Kc5 Ra4 50. Kb5 Rd4 51. Rf5 Rg4 52. a6 1-0

[Event "ATO - 2022"]
[Site ""]
[Date "2022-07-22"]
[Round "9.2"]
[White "Stijve Niels"]
[Black "Manmay Chopra"]
[Result "0-1"]
[WhiteTitle ""]
[WhiteElo "1958"]
[WhiteCountry "SUI"]
[WhiteFideId "1331124"]
[BlackTitle ""]
[BlackElo "1934"]
[BlackCountry "IND"]
[BlackFideId "25649191"]

1. e4 Nc6 2. d4 d5 3. Nc3 dxe4 4. d5 Ne5 5. Bf4 Ng6 6. Bg3 a6 7. h4 h5 8. Nh3 Bxh3 9. Rxh3 f5 10. Bc4 f4 11. Bh2 Nf6 12. Nxe4 Nxe4 13. Qd3 Qd6 14. Qxe4 O-O-O 15. O-O-O e5 16. Rb3 Nxh4 17. g3 Ng6 18. Re1 fxg3 19. Rxg3 Rh6 20. Reg1 Nf4 21. Rf3 Rf6 22. Rg5 b5 23. Bb3 g6 24. Rxe5 Bh6 25. Bxf4 Rxf4 26. Rxf4 Rf8 27. Kb1 Rxf4 28. Qe2 Qf6 29. Re8+ Kb7 30. d6 Qxd6 31. Re6 Qd4 32. c3 Qxf2 33. Bd5+ Ka7 34. Qxf2+ Rxf2 35. Rxg6 Bf4 36. Rg7 h4 37. Rh7 Bg3 38. Rh6 Rh2 39. Be6 Rd2 40. Bc8 a5 41. Ra6+ Kb8 42. Bg4 Kb7 43. Rxa5 c6 44. a4 Bc7 45. Kc1 Rf2 46. Bc8+ Kxc8 47. Ra6 h3 48. Rxc6 h2 49. axb5 h1=R# 0-1

[Event "ATO - 2022"]
[Site ""]
[Date "2022-07-22"]
[Round "9.3"]
[White "Hari Charan Sai Kalluri"]
[Black "Smeets Kobe"]
[Result "0-1"]
[WhiteTitle ""]
[WhiteElo "2041"]
[WhiteCountry "IND"]
[WhiteFideId "46647759"]
[BlackTitle ""]
[BlackElo "1963"]
[BlackCountry "NED"]
[BlackFideId "1063910"]

1. d4 d5 2. c4 e6 3. Nc3 c6 4. e4 dxe4 5. Nxe4 Bb4+ 6. Bd2 Qxd4 7. Bxb4 Qxe4+ 8. Be2 Na6 9. Bc3 f6 10. Nf3 Ne7 11. O-O O-O 12. b4 e5 13. b5 cxb5 14. cxb5 Nc7 15. Bd3 Qg4 16. h3 Qh5 17. Bb4 Re8 18. Rc1 Ne6 19. Bc4 Kh8 20. Re1 Nf4 21. Nxe5 fxe5 22. Qxh5 Nxh5 23. Rxe5 Nf4 24. Rxe7 Rxe7 25. Bxe7 Be6 26. Bxe6 Ne2+ 27. Kh2 Nxc1 28. Bd5 Re8 29. Bh4 Re5 30. Bxb7 Rxb5 31. Ba6 Ra5 0-1

[Event "ATO - 2022"]
[Site ""]
[Date "2022-07-22"]
[Round "9.4"]
[White "Abdulrahim Salem"]
[Black "Arndt Uwe"]
[Result "1-0"]
[WhiteTitle ""]
[WhiteElo "1662"]
[WhiteCountry "UAE"]
[WhiteFideId "9308946"]
[BlackTitle ""]
[BlackElo "1964"]
[BlackCountry "GER"]
[BlackFideId "24647713"]

1. e4 e6 2. d4 d5 3. Nd2 Be7 4. Bd3 Nf6 5. e5 Nfd7 6. Ne2 c5 7. c3 Nc6 8. O-O cxd4 9. cxd4 Nb4 10. Bb1 Nb6 11. Nf3 Bd7 12. b3 Bb5 13. Ba3 Rc8 14. Qd2 a5 15. Re1 Nd7 16. Qf4 g5 17. Qe3 h5 18. Nc3 Ba6 19. Bxb4 Bxb4 20. Rc1 g4 21. Ne1 Rc6 22. a3 Be7 23. f4 gxf3 24. Nxf3 Qc8 25. Ne2 Bxe2 26. Rxc6 Qxc6 27. Qxe2 Bxa3 28. Qf1 Bb4 29. Bd3 Rf8 30. Rc1 Qb6 31. Rc8+ Ke7 32. Rxf8 Kxf8 33. Ng5 Nxe5 34. Kh1 Be7 35. Nh7+ Kg7 36. dxe5 Qe3 37. Nf6 Qxe5 38. Ne8+ Kf8 39. Bg6 f6 40. Qc1 Qg5 41. Qxg5 fxg5 42. Bxh5 Bc5 43. Nc7 Ke7 44. Bg4 Be3 45. Nxe6 Kd6 46. g3 b5 47. Ng7 Kc5 48. Nf5 Bc1 49. Bd1 Bb2 50. Kg2 Kb4 51. Ne7 a4 52. bxa4 bxa4 53. Nxd5+ Kc5 54. Ne3 Bc1 55. Kf3 Kd4 56. Nf5+ Ke5 57. Kg4 a3 58. Bb3 Bd2 59. Nh6 Kf6 60. Nf7 Bc1 61. Nd6 Kg6 62. Bc2+ Kf6 63. Bb1 Ke5 64. Nb5 Kf6 65. Nc3 Ke5 66. Nb5 Kf6 67. h3 Ke6 68. Nd4+ Ke5 69. Nf3+ Kf6 70. Kh5 Be3 71. Nh2 Bc1 72. Ng4+ Kg7 73. Ne5 Kf6 74. Nc4 Kg7 75. Kg4 Kf6 76. Kf3 Ke6 77. Ke2 Kd5 78. Kd1 g4 79. Kxc1 gxh3 80. Ne3+ Kd4 81. Nf1 Kc3 82. Ba2 Kd3 83. Kd1 Kd4 84. Kd2 Ke4 85. Ke2 Kf5 86. Kf3 Kg5 87. Nh2 Kh5 88. Kf4 Kg6 89. Kg4 1-0

[Event "ATO - 2022"]
[Site ""]
[Date "2022-07-22"]
[Round "9.5"]
[White "Klein Ethan"]
[Black "Mirski Michal"]
[Result "0-1"]
[WhiteTitle ""]
[WhiteElo "1952"]
[WhiteCountry "USA"]
[WhiteFideId "2083981"]
[BlackTitle ""]
[BlackElo "1868"]
[BlackCountry "POL"]
[BlackFideId "1157159"]

1. d4 d6 2. e4 g6 3. Nc3 Bg7 4. Be3 a6 5. h4 b5 6. h5 Bb7 7. Bd3 Nd7 8. Nf3 c5 9. e5 cxd4 10. e6 dxe3 11. exf7+ Kxf7 12. hxg6+ Ke8 13. gxh7 exf2+ 14. Kf1 Nf8 15. hxg8=Q Rxg8 16. Ng5 Bf6 17. Qh5+ Kd7 18. Nge4 Be5 19. Rd1 Kc7 20. Qf7 Nd7 21. Nd5+ Bxd5 22. Qxd5 Nb6 23. Qe6 Qd7 24. Qxd7+ Nxd7 25. Rh7 Rh8 26. Rxh8 Rxh8 27. Kxf2 Bxb2 28. g4 Bd4+ 29. Kg3 Be5+ 30. Kg2 Rg8 31. Kf3 Rf8+ 32. Kg2 Rf4 33. Kh3 Nf8 34. Rf1 Ne6 35. Kh4 Bf6+ 36. Nxf6 Rxf6 37. Rxf6 exf6 38. Kh5 Nf4+ 39. Kh6 Nxd3 40. cxd3 Kd7 41. Kg6 Ke6 42. d4 d5 43. g5 fxg5 44. Kxg5 a5 45. Kf4 Kf6 46. Ke3 Kg5 47. Kf3 Kf5 48. Ke3 Kg4 49. a3 Kg3 50. Ke2 Kf4 51. Kd3 Kf3 52. Kd2 Ke4 53. Kc3 Ke3 54. a4 bxa4 55. Kb2 Kxd4 56. Ka3 Kc3 0-1

[Event "ATO - 2022"]
[Site ""]
[Date "2022-07-22"]
[Round "9.6"]
[White "Forney Robert"]
[Black "Hamad Bader"]
[Result "1/2-1/2"]
[WhiteTitle ""]
[WhiteElo "1828"]
[WhiteCountry "USA"]
[WhiteFideId "30905710"]
[BlackTitle ""]
[BlackElo "1918"]
[BlackCountry "UAE"]
[BlackFideId "9313095"]

1. e4 c5 2. Nf3 e6 3. d4 cxd4 4. Nxd4 Nf6 5. Nc3 Nc6 6. Ndb5 d6 7. Bf4 e5 8. Bg5 a6 9. Na3 b5 10. Nd5 Be7 11. Bxf6 Bxf6 12. c3 Ne7 13. Nc2 Bb7 14. Nce3 Bg5 15. Nxe7 Qxe7 16. Nf5 Qd7 17. Nxd6+ Kf8 18. Nxb7 Qxb7 19. Qd6+ Qe7 20. Rd1 Rd8 21. Qxd8+ Qxd8 22. Rxd8+ Bxd8 23. a4 bxa4 24. Bxa6 h5 25. Ke2 Rh6 26. Bb5 Rb6 27. c4 Be7 28. Ra1 a3 29. bxa3 Bc5 30. a4 Ke7 31. a5 Rb7 32. a6 Ra7 33. Bc6 Rc7 34. Bd5 Ba7 35. Rb1 Kd6 36. Rb5 g5 37. f3 f6 38. h3 h4 39. Kd3 Rg7 40. Kc3 Re7 41. Kb4 Rc7 42. Bb7 Rc5 43. Bd5 Rxb5+ 44. Kxb5 Bd4 45. Bf7 Ba7 46. Bg6 Bd4 47. Bf5 Ba7 48. Bg4 Bd4 49. a7 Bxa7 50. Ka6 Be3 51. Kb7 Kc5 52. Be6 Kd6 53. Bd5 Kd7 54. Bc6+ Kd6 55. Bb5 Bd4 56. Kc8 Bb6 57. Be8 Kc5 58. Kd7 Kxc4 59. Ke7 Be3 60. Kxf6 Bf4 61. Bh5 1/2-1/2